000 00681nam a2200217Ia 4500
003 GCL
008 140319s9999 xx 000 0 ara d
040 _aGCL /
_cGCL
082 0 4 _a340
_bح م
100 1 _aحسن كيره
245 1 0 _aالمدخل الى القانون /
_cحسن كيره
260 _a[S.N] :
_bمنشاة المعارف ،
_c1990
300 _a827 ص
490 _aالكتب القانونية
_v0
650 0 4 _aالقانون
650 0 4 _aالقانون المدنى
650 0 4 _aقانون الاجراءات الجنائية
650 0 4 _aالقانون العام
650 0 4 _aقانون الاجراءات المدنية
942 _2ddc
_cBK
999 _c27737
_d27737